[Event "Warsaw YMCA Summer-B 262nd"]
[Site "Warsaw"]
[Date "2022.07.04"]
[Round "4"]
[White "Kozak, Jan"]
[Black "Czubaj, Mariusz"]
[Result "1-0"]
[WhiteElo "1315"]
[BlackElo "1101"]
[PlyCount "77"]
[EventDate "2022.06.29"]
[EventType "swiss"]
[EventRounds "10"]
[EventCountry "POL"]
[SourceTitle "EXT 2023"]
[Source "ChessBase"]
[SourceDate "2022.10.05"]
[SourceVersion "1"]
[SourceVersionDate "2022.10.05"]
[SourceQuality "1"]

1. f4 d5 2. Nf3 Nf6 3. g3 e6 4. Bg2 c5 5. d3 Nc6 6. 0-0 Be7 7. Qe1 Qb6 8. e4 dxe4 9. dxe4 0-0 10. Nc3 Rd8 11. e5 Nd5 12. Na4 Qb4 13. b3 Qxe1 14. Nxe1 b5 15. Nb2 Bb7 16. c4 bxc4 17. Nxc4 Rd7 18. Ba3 Ncb4 19. Bxb4 Nxb4 20. Bxb7 Rxb7 21. Rf2 Rd8 22. Nc2 Rbd7 23. Nxb4 cxb4 24. Kf1 Bc5 25. Rc2 h5 26. Na5 Bb6 27. Nc6 Rd1+ 28. Rxd1 Rxd1+ 29. Ke2 Rh1 30. Kd3 Bg1 31. Rc1 Rxh2 32. Rxg1 Rxa2 33. Nxb4 Rb2 34. Kc3 Rf2 35. Nd3 Rf3 36. Kd4 h4 37. gxh4 Rh3 38. h5 Rxh5 39. Ra1 1-0

[Event "Warsaw YMCA Summer-B 262nd"]
[Site "Warsaw"]
[Date "2022.06.29"]
[Round "1"]
[White "Zawadzki, Wojciech"]
[Black "Czubaj, Mariusz"]
[Result "1-0"]
[WhiteElo "1367"]
[BlackElo "1101"]
[PlyCount "101"]
[EventDate "2022.06.29"]
[EventType "swiss"]
[EventRounds "10"]
[EventCountry "POL"]
[SourceTitle "EXT 2023"]
[Source "ChessBase"]
[SourceDate "2022.10.05"]
[SourceVersion "1"]
[SourceVersionDate "2022.10.05"]
[SourceQuality "1"]

1. d4 Nf6 2. c4 e6 3. Nf3 d5 4. g3 Be7 5. Bg2 0-0 6. 0-0 c6 7. b3 Re8 8. Nc3 Nbd7 9. Bb2 b6 10. Qc2 Bb7 11. a4 Bb4 12. Na2 a5 13. Nxb4 axb4 14. Ne1 Qe7 15. Nd3 Nb8 16. Qd2 Na6 17. a5 bxa5 18. Rxa5 Reb8 19. c5 Bc8 20. Rfa1 Ne4 21. Qf4 Qg5 22. Qxg5 Nxg5 23. Ne5 Bb7 24. f3 f5 25. Nd7 Re8 26. Nb6 Rad8 27. Rxa6 Bxa6 28. Rxa6 Re7 29. h4 Nf7 30. f4 h5 31. Ra4 g6 32. Rxb4 Ra7 33. Ra4 Rxa4 34. bxa4 Rb8 35. Bf1 Rb7 36. Bc3 Ra7 37. a5 Kf8 38. Nc8 Rc7 39. Nd6 Nd8 40. a6 Ra7 41. e3 Ke7 42. Ba5 Kd7 43. Bb6 Ra8 44. a7 Ke7 45. Ba6 Kd7 46. Nb7 Nf7 47. Nd6 Nd8 48. Bc8+ Ke7 49. Kf2 Kf6 50. Ne8+ Ke7 51. Nc7 1-0